Vista normal Vista MARC

Entrada Topical Term

Número de registros utilizados en: 1

001 - CONTROL NUMBER

  • control field: 8953

003 - CONTROL NUMBER IDENTIFIER

  • control field: OSt

005 - DATE AND TIME OF LATEST TRANSACTION

  • control field: 20200819174631.0

008 - FIXED-LENGTH DATA ELEMENTS

  • fixed length control field: 200819|| aca||aabn | a|a d

040 ## - CATALOGING SOURCE

  • Original cataloging agency: OSt
  • Transcribing agency: OSt

150 ## - HEADING--TOPICAL TERM

  • Topical term or geographic name entry element: Ley 100
  • General subdivision: Reforma

670 ## - SOURCE DATA FOUND

  • Source citation: Work cat.: (OSt)6012: Jaramillo Pérez, Iván, autor 8952, Comentarios a la Reforma de Seguridad Social /, 1994.